Normal view
MARC view
- Mansoor, Mariam
Entry Personal Name
001 - CONTROL NUMBER
- control field: 133095
003 - CONTROL NUMBER IDENTIFIER
- control field: NUST
005 - DATE AND TIME OF LATEST TRANSACTION
- control field: 20260204162447.0
008 - FIXED-LENGTH DATA ELEMENTS
- fixed length control field: 260204|| aca||aabn | a|a d
040 ## - CATALOGING SOURCE
- Original cataloging agency: NUST
- Transcribing agency: NUST
100 ## - HEADING--PERSONAL NAME
- Personal name: Mansoor, Mariam
670 ## - SOURCE DATA FOUND
- Source citation: Work cat.: (NUST): Mansoor, Mariam , An Intelligent Framework for Real-Time PCG Classification and Cardiac Monitoring Using Machine Learning /
